Naši motýli /

Hlavní autor: Zahradník, Jiří, 1928-2020
Další autoři: Severa, František, 1924-2005, Kopecký, Michal, ilustrátor
Jazyk: Čeština
Vydáno: Praha : Albatros, 1997
Edice: Klub mladých čtenářů (Albatros)
Oko (Albatros)
Témata:
Externí odkaz: Digitalizovaný dokument
Fyzický popis: 457 s. : il. (většina barev.) ; 11 x 15 cm
Knihy
Uloženo v:
LEADER 01923nam a2200493 a 4500
001 000185245
003 CZ BrMZK
005 20181102115155.0
007 ta
008 010907s1997 xr a c f cze d
015 |a cnb000213901 
020 |a 80-00-00524-7 
035 |a (OCoLC)38454420 
040 |a BOA001  |b cze 
043 |a e-xr--- 
072 7 |a 59  |x Zoologie  |2 Konspekt  |9 2 
072 7 |a 0/9-053.2  |x Literatura pro děti a mládež (naučná)  |2 Konspekt  |9 26 
080 |a 595.78  |2 MRF 
080 |a 591.9  |2 MRF 
080 |a (437.3)  |2 MRF 
080 |a (0.062)  |2 MRF 
080 |a (0.053.2)  |2 MRF 
100 1 |a Zahradník, Jiří,  |d 1928-2020  |7 jk01151953  |4 aut 
245 1 0 |a Naši motýli /  |c Jiří Zahradník ; ilustroval František Severa ; perokresby Michal Kopecký. 
260 |a Praha :  |b Albatros,  |c 1997 
300 |a 457 s. :  |b il. (většina barev.) ;  |c 11 x 15 cm 
490 1 |a Klub mladých čtenářů 
490 1 |a Oko ;  |v sv. 73 
500 |a Dostupné též v digitální podobě v aplikaci Kramerius 
521 8 |a Pro děti od 9 let 
650 0 7 |a motýli  |7 ph115365  |z Česko  |2 czenas 
650 0 7 |a fauna  |7 ph114529  |z Česko  |2 czenas 
655 7 |a populárně-naučné publikace  |7 fd131864  |2 czenas 
655 7 |a publikace pro děti  |7 fd133156  |2 czenas 
700 1 |a Severa, František,  |d 1924-2005  |7 jn20000703281  |4 ill 
700 1 |a Kopecký, Michal,  |c ilustrátor  |4 ill 
830 0 |a Klub mladých čtenářů (Albatros)  |0 s 
830 0 |a Oko (Albatros)  |0 s 
856 4 1 |u http://www.digitalniknihovna.cz/mzk/uuid/uuid:365ba350-9aa7-11e6-baa5-005056827e51  |y Digitalizovaný dokument  |x NDK 
910 |a BOA001  |b 1-1033.248  |b PK-A-0021.538 
920 |a 000319614 
990 |a BK 
996 6 |b 2610052853  |c 1-1033.248  |l MZK  |r Sklad / do 1 hodiny  |n 12  |p p.v.  |w 000185245  |u 000010  |a 1  |e BOA001  |j MZK50  |s P 
996 7 |b 3119012790  |c PK-A-0021.538  |l MZK  |r Sklad / do 1 hodiny  |n 9  |p kup  |w 000185245  |u 000020  |a 1  |e BOA001  |j MZK50  |s A